Sulabha Saanghik Aasane:Bhag-2 (Record no. 356199)

MARC details
000 -LEADER
fixed length control field 003970000a22001810004500
005 - DATE AND TIME OF LATEST TRANSACTION
control field 20120302062243.0
040 ## - CATALOGING SOURCE
Original cataloging agency MAR
100 ## - MAIN ENTRY--PERSONAL NAME
Personal name Janardanswami
245 ## - TITLE STATEMENT
Title Sulabha Saanghik Aasane:Bhag-2
260 ## - PUBLICATION, DISTRIBUTION, ETC. (IMPRINT)
Place of publication, distribution, etc Nagpur:Yogabhyasi Mandal,
300 ## - PHYSICAL DESCRIPTION
Extent 32p.
365 ## - TRADE PRICE
Price amount 00.75/-
650 ## - SUBJECT ADDED ENTRY--TOPICAL TERM
Topical term or geographic name as entry element Aarogya
650 ## - SUBJECT ADDED ENTRY--TOPICAL TERM
Topical term or geographic name as entry element Vyaayaam
650 ## - SUBJECT ADDED ENTRY--TOPICAL TERM
Topical term or geographic name as entry element Aasane
650 ## - SUBJECT ADDED ENTRY--TOPICAL TERM
Topical term or geographic name as entry element Saanghik Aasane
942 ## - ADDED ENTRY ELEMENTS (KOHA)
Koha item type Book
Holdings
Withdrawn status Lost status Damaged status Not for loan Home library Current library Date acquired Total Checkouts Barcode Date last seen Price effective from
        Institute For Oriental Study, Thane Institute For Oriental Study, Thane 12/02/2009   IOS-17259 12/02/2009 12/02/2009